Human resource management Simplified/ (Record no. 13483)

MARC details
000 -LEADER
fixed length control field 00537nam a22001697a 4500
001 - CONTROL NUMBER
control field 13483
005 - DATE AND TIME OF LATEST TRANSACTION
control field 20260224083030.0
008 - FIXED-LENGTH DATA ELEMENTS--GENERAL INFORMATION
fixed length control field 260224b |||||||| |||| 00| 0 eng d
040 ## - CATALOGING SOURCE
Original cataloging agency BSULIB
082 ## - DEWEY DECIMAL CLASSIFICATION NUMBER
Edition number 22
Classification number 658.3
Item number BIR
100 ## - MAIN ENTRY--PERSONAL NAME
Personal name Birungi, Mabel.
9 (RLIN) 26304
245 ## - TITLE STATEMENT
Title Human resource management Simplified/
Remainder of title Questions, Case studies and model answers
Statement of responsibility, etc Mabel Birungi
260 ## - PUBLICATION, DISTRIBUTION, ETC. (IMPRINT)
Place of publication, distribution, etc Kampala [uganda]:
Name of publisher, distributor, etc Hoonkab Printers Ltd.,
Date of publication, distribution, etc 2003.
300 ## - PHYSICAL DESCRIPTION
Extent v, 161 P.:
Dimensions 23cm.
500 ## - GENERAL NOTE
General note Includes bibliographical references.
942 ## - ADDED ENTRY ELEMENTS (KOHA)
Source of classification or shelving scheme Dewey Decimal Classification
Item type Books
Holdings
Withdrawn status Lost status Source of classification or shelving scheme Damaged status Not for loan Home library Current library Shelving location Date acquired Source of acquisition Inventory number Total Checkouts Full call number Barcode Date last seen Copy number Price effective from Koha item type Public note
    Dewey Decimal Classification     Main Library Main Library Reserve Book Section 24/02/2026 Donation 8487   658.3 BIR bsu26020476 24/02/2026 001 24/02/2026 Books Material available in hard copy
    Dewey Decimal Classification     Main Library Main Library Reserve Book Section 24/02/2026 Donation 18647   658.3 BIR bsu26020477 24/02/2026 002 24/02/2026 Books Material available in hard copy

© 2017 Bishop Stuart University Library. All Rights Reserved.
Kakoba Campus, Plot 150 Buremba Road | P.O. Box 9, Mbarara, UGANDA | Tel: +256-772-463068
Email: library@bsu.ac.ug